[Event "World Youth Boys U18 2014"]
[Site "Durban RSA"]
[Date "2014.09.21"]
[Round "2.2"]
[White "Bluebaum, Matthias"]
[Black "Torosyan, Norayr"]
[Result "1/2-1/2"]
[WhiteTitle "IM"]
[WhiteElo "2521"]
[BlackElo "2321"]
[WhiteFideId "24651516"]
[BlackFideId "13300431"]
[EventDate "2014.09.20"]

1. Nf3 d5 2. g3 Nf6 3. Bg2 c6 4. c4 Bf5 5. cxd5 cxd5 6. Qb3 Nc6 7. O-O Qd7 8. d3
e5 9. Bg5 Be7 10. Nc3 Be6 11. d4 exd4 12. Nb5 d3 13. Qxd3 O-O 14. Nbd4 h6 15.
Bf4 Rfe8 16. Rfd1 Bd6 17. Bxd6 Qxd6 18. Rac1 Bd7 19. Nb5 Qb8 20. Qd2 a6 21. Nc3
Be6 22. Nd4 Nxd4 23. Qxd4 Qd8 24. Rd2 Rc8 25. Qb4 b5 26. Rd4 Rc4 27. Rxc4 dxc4
28. a4 bxa4 29. Nxa4 Qb8 30. Qxb8 Rxb8 31. Rc2 Rb4 32. Nc5 Bf5 33. e4 c3 34.
Rxc3 Nxe4 35. Bxe4 Bxe4 36. Nxe4 Rxe4 37. Rc6 Rb4 38. Rxa6 Rxb2 39. Kg2 g6 40.
g4 Kg7 41. h4 Rb3 42. f3 Rc3 43. Kg3 Rc4 44. Ra5 Rb4 45. h5 gxh5 46. Rxh5 Kg6
47. Rf5 Ra4 48. Rh5 Rb4 49. Rf5 Ra4 50. Rh5 1/2-1/2

[Event "World Youth Boys U18 2014"]
[Site "Durban RSA"]
[Date "2014.09.21"]
[Round "2.3"]
[White "Ivekovic, Bozidar2"]
[Black "Bortnyk, Olexandr"]
[Result "0-1"]
[BlackTitle "IM"]
[WhiteElo "2299"]
[BlackElo "2505"]
[WhiteFideId "14518848"]
[BlackFideId "14120828"]
[EventDate "2014.09.20"]

1. d4 d6 2. e4 Nf6 3. Nc3 Nbd7 4. g4 h6 5. Be3 e5 6. d5 c6 7. h3 Qa5 8. Qd2 cxd5
9. exd5 a6 10. O-O-O b5 11. Bg2 b4 12. Nb1 Rb8 13. a3 Nc5 14. axb4 Rxb4 15. Qc3
Bb7 16. Bxc5 Qxc5 17. Qxc5 dxc5 18. Ne2 Bd6 19. c3 Ra4 20. Rhe1 c4 21. Nd4 Kd7
22. Nf5 g6 23. Ne3 Bc5 24. Nd2 Bxe3 25. fxe3 Nxd5 26. Nxc4 Ra1+ 27. Kc2 Rxd1 28.
Rxd1 Ke6 29. Kc1 Ba8 30. Bf3 Nxe3 31. Rd6+ Ke7 32. Rxa6 Bxf3 33. Nxe3 Rd8 34.
Ra7+ Kf6 35. c4 Rd3 36. Ra3 Rxa3 37. bxa3 Ke6 38. Kd2 f5 39. gxf5+ gxf5 40. a4
f4 41. Nc2 Kd6 42. Ne1 Bc6 43. a5 e4 44. Nc2 Kc5 45. Kc3 Bd7 46. a6 Kb6 47. Kd4
f3 48. Ke3 Bxh3 49. Nb4 Bc8 50. Nd5+ Kxa6 51. Ne7 Be6 52. c5 Kb5 53. c6 Kb6 54.
Ng6 Kxc6 55. Nf4 Bg4 56. Ng6 Kd6 0-1

[Event "World Youth Boys U18 2014"]
[Site "Durban RSA"]
[Date "2014.09.21"]
[Round "2.5"]
[White "Henriquez Villagra, Cristobal"]
[Black "Malka, Samuel"]
[Result "1-0"]
[WhiteTitle "IM"]
[WhiteElo "2466"]
[BlackElo "2298"]
[WhiteFideId "3409350"]
[BlackFideId "20643675"]
[EventDate "2014.09.20"]

1. e4 c5 2. Nf3 d6 3. Bb5+ Nc6 4. O-O Bd7 5. Re1 Nf6 6. h3 Ne5 7. Bf1 Bc6 8.
Nxe5 dxe5 9. Nc3 Qd7 10. a4 g6 11. Bc4 Bg7 12. d3 O-O 13. Be3 b6 14. Qb1 a6 15.
b4 b5 16. axb5 axb5 17. Rxa8 Rxa8 18. Bb3 c4 19. dxc4 Nxe4 20. Nxe4 Bxe4 21.
cxb5 Qxb5 22. Bc5 Qb7 23. f3 Bf5 24. Qd1 Rc8 25. g4 Be6 26. Bxe6 fxe6 27. Qd3
Rf8 28. Kg2 Rf4 29. Re4 Bf6 30. Be3 Rxe4 31. Qxe4 Qb5 32. g5 Qe2+ 33. Bf2 Qxe4
34. fxe4 Bxg5 35. b5 Bd2 36. b6 Ba5 37. b7 Bc7 38. Bb6 Bb8 39. c4 1-0

[Event "World Youth Boys U18 2014"]
[Site "Durban RSA"]
[Date "2014.09.21"]
[Round "2.6"]
[White "Flermoen, Peter"]
[Black "Das, Sayantan"]
[Result "0-1"]
[WhiteTitle "CM"]
[BlackTitle "IM"]
[WhiteElo "2226"]
[BlackElo "2456"]
[WhiteFideId "1507303"]
[BlackFideId "5034426"]
[EventDate "2014.09.20"]

1. e4 c5 2. Nc3 e6 3. g3 Nc6 4. Bg2 g6 5. d3 Bg7 6. Be3 d6 7. Nge2 Nd4 8. O-O
Ne7 9. Qd2 O-O 10. Rfe1 Rb8 11. Nd1 b6 12. Nxd4 cxd4 13. Bh6 Bxh6 14. Qxh6 Ba6
15. Qd2 Rc8 16. f4 d5 17. Nf2 h5 18. Rac1 Qd6 19. h3 Kg7 20. Bf3 Rh8 21. Kg2 Bb7
22. e5 Qc5 23. g4 hxg4 24. hxg4 Ba8 25. Rh1 Rxh1 26. Nxh1 Qa5 27. b4 Qa3 28. Ng3
Qc3 29. Qf2 Qxb4 30. Rh1 Rh8 31. Rxh8 Kxh8 32. Ne2 Nc6 33. Qh4+ Kg8 34. f5 Qf8
35. fxg6 fxg6 36. Qg5 Qg7 37. Nf4 Kf7 38. Nxd5 Qxe5 39. Qf4+ Qxf4 40. Nxf4 Bb7
41. Ne2 e5 42. c3 Kf6 43. cxd4 exd4 44. Nxd4 Nxd4 45. Bxb7 Ke5 46. Be4 g5 47.
Kg3 b5 48. Bh7 b4 49. Bg8 a5 50. Bc4 a4 0-1

[Event "World Youth Boys U18 2014"]
[Site "Durban RSA"]
[Date "2014.09.21"]
[Round "2.7"]
[White "Zenzera, Alexey"]
[Black "Olund, Joar"]
[Result "1-0"]
[WhiteTitle "IM"]
[WhiteElo "2439"]
[BlackElo "2280"]
[WhiteFideId "4102665"]
[BlackFideId "1714848"]
[EventDate "2014.09.20"]

1. Nf3 Nf6 2. c4 g6 3. Nc3 Bg7 4. e4 d6 5. d4 O-O 6. Be2 e5 7. O-O Nh5 8. dxe5
dxe5 9. Qxd8 Rxd8 10. Bg5 f6 11. Be3 Nf4 12. Bxf4 exf4 13. Nd5 Na6 14. Rad1 Be6
15. Nxf4 Bf7 16. Nd5 c6 17. Nc3 Nc5 18. Rxd8+ Rxd8 19. b4 Ne6 20. Rd1 Rxd1+ 21.
Nxd1 Bf8 22. a3 b6 23. Ne3 a5 24. Nc2 axb4 25. axb4 Bd6 26. g3 Kf8 27. Nd2 g5
28. Kg2 Be5 29. Bd3 h5 30. Nf1 Bg6 31. Nfe3 g4 32. Nf5 Bxf5 33. exf5 Nd4 34. Ne3
Bd6 35. b5 cxb5 36. cxb5 Kg7 37. Nd5 Bc5 38. Nf4 Kh6 39. h4 gxh3+ 40. Nxh3 Bd6
41. f3 Be5 42. Nf2 Bd6 43. Nd1 Kg7 44. Nc3 Bb4 45. Nd5 Bc5 46. Nc7 Kh6 47. f4
Nb3 48. Kh3 Nd2 49. Nd5 Bd4 50. Kg2 Kh7 51. Nc7 Kh6 52. Ne6 Be3 53. Be2 Nb1 54.
Kf3 Bg1 55. Bd3 Nc3 56. Bc4 Kh7 57. Kg2 Be3 58. Nd8 Bd4 59. Bd3 Kh6 60. Kh3 Bf2
61. Nf7+ Kg7 62. Nd6 Bc5 63. Ne8+ Kf7 64. Nc7 Bf2 65. Bc4+ Ke7 66. Kh4 Kd6 67.
Ne8+ Kc5 68. Bd3 Nd5 69. Kh3 h4 70. Be4 Nc3 71. gxh4 Bxh4 72. Bd3 Be1 73. Nxf6
Nxb5 74. Nd7+ Kc6 75. Ne5+ Kc5 76. Nd7+ Kc6 77. Bxb5+ Kxb5 78. f6 Kc4 79. Nxb6+ 1-0

[Event "World Youth Boys U18 2014"]
[Site "Durban RSA"]
[Date "2014.09.21"]
[Round "2.8"]
[White "Yurtseven, Melih"]
[Black "Csonka, Balazs"]
[Result "1/2-1/2"]
[BlackTitle "FM"]
[WhiteElo "2208"]
[BlackElo "2412"]
[WhiteFideId "6312160"]
[BlackFideId "742910"]
[EventDate "2014.09.20"]

1. d4 d5 2. Bf4 Nf6 3. e3 c5 4. c3 Nc6 5. Nd2 Bg4 6. Qb3 Qc8 7. dxc5 e6 8. Ngf3
Nd7 9. Be2 Nxc5 10. Qd1 Be7 11. O-O O-O 12. b4 Bxf3 13. Bxf3 Nd3 14. Bg3 Bf6 15.
Be2 Nde5 16. Rc1 Rd8 17. Qb3 Qd7 18. Rfd1 Qe7 19. a3 Rac8 20. c4 dxc4 21. Nxc4
Nxc4 22. Rxc4 Rxd1+ 23. Qxd1 Rd8 24. Qc2 g6 25. h3 h5 26. Rc5 Bh4 27. Bxh4 Qxh4
28. Bf3 Qf6 29. Qc3 Qxc3 30. Rxc3 Rd6 31. Kf1 Kf8 32. Ke2 Ke7 33. Bxc6 bxc6 34.
Rc5 Kd8 35. Ra5 Rd7 36. e4 Kc8 37. Rc5 1/2-1/2

[Event "World Youth Boys U18 2014"]
[Site "Durban RSA"]
[Date "2014.09.21"]
[Round "2.9"]
[White "Studer, Noel"]
[Black "Machan, Jan"]
[Result "0-1"]
[WhiteTitle "FM"]
[WhiteElo "2404"]
[BlackElo "2248"]
[WhiteFideId "1319620"]
[BlackFideId "334774"]
[EventDate "2014.09.20"]

1. e4 e5 2. Nf3 Nf6 3. Nxe5 d6 4. Nf3 Nxe4 5. Nc3 Nf6 6. d4 d5 7. Bd3 Bg4 8. h3
Bh5 9. g4 Bg6 10. Ne5 Bb4 11. O-O O-O 12. Bg5 Be7 13. Re1 c6 14. Ne2 Bxd3 15.
cxd3 h6 16. Be3 Nh7 17. Ng3 Ng5 18. Kg2 Ne6 19. f4 c5 20. dxc5 d4 21. Bd2 Nxc5
22. b4 Ncd7 23. Nf3 Na6 24. Qb3 Nf6 25. Nf5 Bd6 26. N3xd4 Nc7 27. Rac1 Nfd5 28.
Rf1 Re8 29. Qb2 Bf8 30. g5 Ne6 31. Nxe6 Rxe6 32. Nd4 Ne3+ 33. Bxe3 Rxe3 34. Rf3
Rxf3 35. Nxf3 Qxd3 36. Re1 Rc8 37. Re2 Rc3 38. Rf2 hxg5 39. fxg5 a5 40. bxa5 Bc5 0-1

[Event "World Youth Boys U18 2014"]
[Site "Durban RSA"]
[Date "2014.09.21"]
[Round "2.10"]
[White "Nikolov, Rumen"]
[Black "Ruiz C, Joshua D"]
[Result "0-1"]
[BlackTitle "IM"]
[WhiteElo "2172"]
[BlackElo "2395"]
[WhiteFideId "2911620"]
[BlackFideId "4400704"]
[EventDate "2014.09.20"]

1. e4 e6 2. d4 d5 3. Nc3 Bb4 4. e5 b6 5. Qg4 Bf8 6. Nf3 Qd7 7. Bg5 h6 8. Qh3 Bb4
9. Bd2 Ne7 10. a3 Bxc3 11. Bxc3 c5 12. Bd3 Ba6 13. O-O Bxd3 14. cxd3 Nbc6 15.
dxc5 bxc5 16. b4 Rb8 17. bxc5 Rb3 18. Bd4 Rxd3 19. Rfd1 Nxd4 20. Rxd3 Ne2+ 21.
Kh1 Nf4 22. Qg3 Nxd3 23. Qxg7 Rg8 24. Qxh6 Nxf2+ 25. Kg1 Ne4 26. Rb1 Qc7 27. Qc1
Kd7 0-1

[Event "World Youth Boys U18 2014"]
[Site "Durban RSA"]
[Date "2014.09.21"]
[Round "2.11"]
[White "Javanbakht, Nima"]
[Black "Nassr, Ali"]
[Result "1-0"]
[WhiteTitle "FM"]
[BlackTitle "IM"]
[WhiteElo "2364"]
[BlackElo "2215"]
[WhiteFideId "12510670"]
[BlackFideId "7900520"]
[EventDate "2014.09.20"]

1. d4 Nf6 2. c4 e6 3. Nf3 b6 4. g3 Bb7 5. Bg2 Be7 6. O-O O-O 7. d5 exd5 8. Nh4
c6 9. cxd5 Nxd5 10. Nf5 Nc7 11. e4 d5 12. Nc3 Bf6 13. exd5 cxd5 14. Bf4 Nd7 15.
Re1 Nc5 16. Rc1 N7e6 17. Bd6 Re8 18. Nxd5 Bxb2 19. Rc2 Bd4 20. Nde7+ Kh8 21.
Bxc5 Bxc5 22. Bxb7 Bxe7 23. Bxa8 Qxa8 24. Qd7 1-0

[Event "World Youth Boys U18 2014"]
[Site "Durban RSA"]
[Date "2014.09.21"]
[Round "2.12"]
[White "Bezuidenhout, Roland"]
[Black "Salomon, Johan"]
[Result "1-0"]
[WhiteTitle "CM"]
[WhiteElo "2030"]
[BlackElo "2362"]
[WhiteFideId "14304562"]
[BlackFideId "1509500"]
[EventDate "2014.09.20"]

1. e4 e5 2. Nf3 Nc6 3. Nc3 Nf6 4. g3 Bc5 5. Bg2 d6 6. d3 a6 7. Be3 Bxe3 8. fxe3
Bg4 9. h3 Bxf3 10. Qxf3 O-O 11. g4 Nd7 12. h4 f6 13. Bh3 g5 14. O-O-O Ne7 15.
Bf1 Ng6 16. h5 Ne7 17. d4 b5 18. Ne2 c5 19. Ng3 Qc7 20. d5 c4 21. c3 b4 22. Ne2
a5 23. Kb1 Nc5 24. Rh2 Rab8 25. cxb4 axb4 26. Nc1 Na4 27. Rc2 Qb6 28. Bxc4 Nc8
29. h6 Ne7 30. Ne2 Rbc8 31. b3 Nc5 32. Ng3 Kh8 33. Nh5 Ng8 34. Ng7 Nxh6 35. Ne6
Nxe6 36. dxe6 Ng8 37. Rh1 Rc7 38. Rch2 Rg7 39. Qf5 Qc7 40. Bb5 Qe7 41. Bd7 Rb8
42. Rd1 Qf8 43. Rc2 h5 44. gxh5 Nh6 45. Qf1 f5 46. Rdc1 Qf6 47. exf5 Qxf5 48.
Qa6 Rd8 49. e7 Rxd7 50. e8=Q+ Rg8 51. e4 Qg4 52. Qac8 Rxe8 53. Qxe8+ Ng8 54. h6
Kh7 55. Ka1 Nf6 56. Qf8 Nxe4 57. Rc8 Nf6 58. Qxf6 Qd4+ 59. Kb1 Qe4+ 60. R8c2 d5
61. Rf1 d4 62. Qf5+ Qxf5 63. Rxf5 e4 64. Rxg5 d3 65. Rcg2 Rd6 66. Kc1 e3 67. Re5
d2+ 68. Kd1 Rd3 69. Re2 1-0

[Event "World Youth Boys U18 2014"]
[Site "Durban RSA"]
[Date "2014.09.21"]
[Round "2.13"]
[White "Machlik, Jon"]
[Black "Vignesh, NR"]
[Result "0-1"]
[WhiteElo "1859"]
[BlackElo "2360"]
[WhiteFideId "1513613"]
[BlackFideId "25012215"]
[EventDate "2014.09.20"]

1. e4 c5 2. Nf3 d6 3. d4 cxd4 4. Nxd4 Nf6 5. Nc3 a6 6. Be3 e5 7. Nb3 Be7 8. f3
Be6 9. Qd2 O-O 10. O-O-O a5 11. Bb5 Na6 12. Kb1 Qb8 13. Bb6 Nc7 14. Ba4 Ra6 15.
Qf2 Rc8 16. g4 Na8 17. g5 Nh5 18. Be3 Rxc3 19. Bb5 Rcc6 20. Bxc6 bxc6 0-1

[Event "World Youth Boys U18 2014"]
[Site "Durban RSA"]
[Date "2014.09.21"]
[Round "2.14"]
[White "Akhmetov, Ayan"]
[Black "Serikbay, Chingiz"]
[Result "1/2-1/2"]
[WhiteTitle "IM"]
[WhiteElo "2350"]
[BlackElo "2173"]
[WhiteFideId "13703706"]
[BlackFideId "13707604"]
[EventDate "2014.09.20"]

1. e4 c5 2. Nf3 d6 3. d4 cxd4 4. Nxd4 Nf6 5. Nc3 Nc6 6. f3 e5 7. Nb3 Be6 8. Nd5
Be7 9. Be3 O-O 10. Qd2 Nb8 11. c4 Nbd7 12. Na5 Bxd5 13. exd5 Qc7 14. Be2 Nh5 15.
g3 f5 16. b4 f4 17. Bf2 Kh8 18. Rc1 Bg5 19. g4 e4 20. Bd4 Bh4+ 21. Kd1 Nhf6 22.
Qxf4 Ne5 23. Bxe5 dxe5 24. Qe3 exf3 25. Bxf3 e4 26. Be2 Qd7 27. h3 b5 28. g5
Nxd5 29. cxd5 Qxd5+ 30. Qd2 Qxd2+ 31. Kxd2 Bxg5+ 32. Kc3 Rac8+ 33. Kb2 Rxc1 34.
Rxc1 Bxc1+ 35. Kxc1 Rf2 36. Kd2 a6 37. Nb3 Rh2 38. Nc5 Rxh3 39. Nxe4 Ra3 40. Nc3
a5 41. Bc4 axb4 42. Nxb5 Rg3 43. Ke2 h5 44. Kf2 h4 45. Nd6 Rg4 46. Nf7+ Kh7 47.
Bd3+ Kg8 48. Ne5 Rf4+ 49. Ke3 g5 50. Nf3 Rg4 51. Bf5 Rg2 52. Bh3 Rg3 53. Be6+
Kg7 54. Kf2 Kf6 55. Bd7 g4 56. Nxh4 Ra3 57. Bxg4 Rxa2+ 58. Kg3 b3 59. Bd1 b2 60.
Bc2 Ra1 61. Nf3 Rc1 62. Bh7 b1=Q 63. Bxb1 Rxb1 64. Kf4 Rb4+ 65. Ke3 Kf5 66. Nd4+
Kf6 67. Ke4 Rb1 68. Kd5 Ra1 69. Kc4 Ra5 70. Nf3 Ke6 1/2-1/2

[Event "World Youth Boys U18 2014"]
[Site "Durban RSA"]
[Date "2014.09.21"]
[Round "2.16"]
[White "Kenenbaev, Aidar"]
[Black "Shetty, Atulya"]
[Result "1/2-1/2"]
[BlackTitle "FM"]
[WhiteElo "1739"]
[BlackElo "2328"]
[WhiteFideId "13801180"]
[BlackFideId "2031213"]
[EventDate "2014.09.20"]

1. Nf3 d5 2. g3 Nf6 3. Bg2 c5 4. O-O Nc6 5. d3 g6 6. Nbd2 Bg7 7. e4 O-O 8. c3 b6
9. Re1 dxe4 10. dxe4 Qc7 11. Qe2 e5 12. h3 Rb8 13. Nf1 Bb7 14. Bg5 Ne7 15. N3d2
Rbd8 16. Ne3 Qc8 17. Ng4 Qe6 18. Bxf6 Bxf6 19. f4 Bg7 20. f5 Qc6 21. Nc4 f6 22.
Nce3 Qc8 23. fxg6 hxg6 24. Qc4+ Kh8 25. Nd5 Nxd5 26. exd5 Qc7 27. Rad1 Qd6 28.
Ne3 f5 29. Qh4+ Kg8 30. Nc4 Qb8 31. Qg5 e4 32. Qxg6 Rf6 33. Qg5 Rxd5 34. Ne3
Rxd1 35. Rxd1 Qc8 36. Bf1 Bc6 37. Bc4+ Kh7 38. Qh5+ Bh6 39. Kg2 Be8 40. Qe2 Rg6
41. Nf1 Rg5 42. Rd6 Bh5 43. g4 Bg6 44. Be6 Qf8 45. Rd7+ Kh8 46. Qd1 f4 47. Rd8
Be8 48. Bd7 f3+ 49. Kh1 Re5 50. Rxe8 Rxe8 51. Bxe8 Qxe8 52. Qd6 Kh7 53. Qc7+ Kg8
54. Qd6 Kh7 55. Qc7+ Kg8 56. Qd6 Kh7 1/2-1/2

[Event "World Youth Boys U18 2014"]
[Site "Durban RSA"]
[Date "2014.09.21"]
[Round "2.18"]
[White "Wagner, Dennis"]
[Black "Poleg, Matan"]
[Result "1/2-1/2"]
[WhiteTitle "IM"]
[WhiteElo "2499"]
[BlackElo "2039"]
[WhiteFideId "24650684"]
[BlackFideId "2811472"]
[EventDate "2014.09.20"]

1. d4 Nf6 2. c4 e6 3. Nf3 b6 4. g3 Bb4+ 5. Bd2 a5 6. Bg2 O-O 7. O-O Ba6 8. Qc2
d5 9. Ne5 c6 10. Rd1 Bd6 11. Nc3 Qc7 12. e4 c5 13. Nf3 cxd4 14. Nxd4 Qxc4 15.
exd5 Nxd5 16. Nf5 Bc5 17. b3 Qd3 18. Qxd3 Bxd3 19. Nxd5 exd5 20. Bc3 Bxf5 21.
Rxd5 Nc6 22. Rxf5 Rac8 23. Rd1 Nb4 24. Bxb4 Bxb4 25. Rd7 Rc1+ 26. Bf1 Re1 27.
Kg2 Re7 28. Rfd5 Rfe8 29. Rxe7 Bxe7 30. Rd7 Kf8 31. Bc4 Rb8 32. a4 g6 33. Ra7
Rd8 34. Rb7 Rd6 35. f4 Rf6 36. h4 Bc5 37. Kf3 h5 38. Bd5 Rf5 39. Be4 Rf6 40. Bd5
Rf5 41. Bc4 Rf6 42. Rd7 Bb4 43. Ke4 Be1 44. Kf3 Bb4 45. Ke4 Be1 1/2-1/2

[Event "World Youth Boys U18 2014"]
[Site "Durban RSA"]
[Date "2014.09.21"]
[Round "2.19"]
[White "Harutyunian, Tigran K."]
[Black "Lobersli, Henrik Oie"]
[Result "1-0"]
[WhiteTitle "IM"]
[WhiteElo "2439"]
[BlackElo "1950"]
[WhiteFideId "13303635"]
[BlackFideId "1511947"]
[EventDate "2014.09.20"]

1. Nf3 Nf6 2. c4 b6 3. g3 Bb7 4. Bg2 e6 5. O-O Be7 6. Nc3 O-O 7. Re1 c5 8. e4 d6
9. d4 Nbd7 10. e5 Ne8 11. d5 exd5 12. Nxd5 Bxd5 13. Qxd5 Rc8 14. exd6 Nxd6 15.
Bf4 Nf6 16. Qd3 Qc7 17. Rxe7 Qxe7 18. Qxd6 Rfe8 19. Qxe7 Rxe7 20. Rd1 Re2 21.
Rd2 Rxd2 22. Nxd2 Rd8 23. Kf1 Nh5 24. Bg5 f6 25. Be3 f5 26. Bg5 Rd6 27. Bf3 Nf6
28. Bxf6 Rxf6 29. Bd5+ Kf8 30. Nf3 f4 31. Ng5 Ke7 32. Nxh7 Rh6 33. Ng5 Rxh2 34.
gxf4 Rh6 35. Ke2 a6 36. Ke3 Kd7 37. f5 Rh4 38. Ne4 Ke7 39. Nc3 Kd6 40. Be6 Rh1
41. Ne4+ Ke7 42. b3 g6 43. Nc3 gxf5 44. Bxf5 Kd6 45. Bc8 a5 46. Bb7 Re1+ 47. Kd3
Rf1 48. Bg2 Rg1 49. Be4 Rf1 50. Ke2 Rc1 51. f3 Rh1 52. f4 Rh2+ 53. Ke3 Rh3+ 54.
Bf3 Rh2 55. Be2 Rh3+ 56. Kd2 Rh6 57. Nd5 Kd7 58. f5 Rd6 59. Kd3 b5 60. Ke4 b4
61. Ke5 Rh6 62. Bh5 Kd8 63. Nf4 1-0

[Event "World Youth Boys U18 2014"]
[Site "Durban RSA"]
[Date "2014.09.21"]
[Round "2.20"]
[White "Nasuta, Grzegorz"]
[Black "Di Giannantonio, Nino"]
[Result "1/2-1/2"]
[WhiteTitle "FM"]
[BlackTitle "FM"]
[WhiteElo "2361"]
[BlackElo "2128"]
[WhiteFideId "1141686"]
[BlackFideId "119261"]
[EventDate "2014.09.20"]

1. e4 e5 2. Nf3 Nc6 3. Bb5 f5 4. d3 fxe4 5. dxe4 Nf6 6. O-O Bc5 7. Qd3 d6 8. Qc4
Qe7 9. Nc3 a6 10. Bxc6+ bxc6 11. Be3 Rb8 12. Bxc5 dxc5 13. b3 Rb4 14. Qe2 Nh5
15. a3 Nf4 16. Qe3 Rd4 17. Ne2 Nxe2+ 18. Qxe2 Bg4 19. Qxa6 Bxf3 20. Qxc6+ Kf7
21. gxf3 Rd6 22. Qb5 Qg5+ 23. Kh1 Qf4 24. Qc4+ Ke8 25. Rg1 Qxf3+ 26. Rg2 Rd1+
27. Rxd1 Qxd1+ 28. Rg1 Qf3+ 29. Rg2 Qd1+ 1/2-1/2

[Event "World Youth Boys U18 2014"]
[Site "Durban RSA"]
[Date "2014.09.21"]
[Round "2.21"]
[White "Sidabras, Jonas"]
[Black "Rindlisbacher, Lars"]
[Result "0-1"]
[BlackTitle "FM"]
[WhiteElo "1828"]
[BlackElo "2336"]
[WhiteFideId "12806048"]
[BlackFideId "1304178"]
[EventDate "2014.09.20"]

1. d4 Nf6 2. c4 e6 3. Nf3 d5 4. cxd5 exd5 5. Nc3 Bb4 6. Bg5 h6 7. Bh4 g5 8. Bg3
Ne4 9. Rc1 c5 10. a3 Bxc3+ 11. bxc3 Qa5 12. Qb3 c4 13. Qb2 Nc6 14. e3 h5 15. Nd2
Nxd2 16. Kxd2 h4 17. Bd6 Rh6 18. Bb4 Qb5 19. Rb1 Bf5 20. Ra1 Na5 21. Kc1 Rb6 22.
a4 Qc6 23. Kd1 Nb3 24. Ra3 a5 25. Rxb3 axb4 26. Rxb4 Rxb4 27. Qxb4 Rxa4 28. Qc5
Ra1+ 29. Kd2 Qxc5 30. dxc5 Bd3 31. Bxd3 Rxh1 32. Be2 Kd7 33. Bf3 Kc6 34. h3 Kxc5
35. e4 dxe4 36. Bxe4 b5 37. Ke3 Re1+ 38. Kf3 Rxe4 39. Kxe4 b4 0-1

[Event "World Youth Boys U18 2014"]
[Site "Durban RSA"]
[Date "2014.09.21"]
[Round "2.22"]
[White "Seppala, Joni"]
[Black "Visakh, NR"]
[Result "0-1"]
[WhiteElo "1766"]
[BlackElo "2300"]
[WhiteFideId "511285"]
[BlackFideId "25012223"]
[EventDate "2014.09.20"]

1. d4 Nf6 2. c4 e6 3. Nf3 d5 4. Nc3 Be7 5. Bf4 O-O 6. e3 Nbd7 7. h3 a6 8. c5 c6
9. Be2 b6 10. b4 a5 11. a3 Ba6 12. O-O Qc8 13. Qc2 Bxe2 14. Nxe2 Qa6 15. Qb2 Ne4
16. Ne5 Nxe5 17. Bxe5 f6 18. Bh2 bxc5 19. bxc5 e5 20. f3 Nxc5 21. dxc5 Bxc5 22.
Qc3 Ba7 23. Rfe1 Rab8 24. Ng3 g6 25. h4 c5 26. Rac1 c4 27. Kh1 Rb3 28. Qd2 Rd3
29. Qc2 Bxe3 30. Rb1 Bf4 31. Ne2 Bxh2 32. Kxh2 Qd6 33. Kh1 Qc5 34. Rb7 Qf2 35.
Rc1 Re3 36. Nc3 Re1+ 0-1

[Event "World Youth Boys U18 2014"]
[Site "Durban RSA"]
[Date "2014.09.21"]
[Round "2.23"]
[White "Abe, Mahiro"]
[Black "Andriamalala, Fanomezana"]
[Result "1-0"]
[WhiteElo "2146"]
[BlackElo "1876"]
[WhiteFideId "7000235"]
[BlackFideId "13101056"]
[EventDate "2014.09.20"]

1. e4 c5 2. c3 Nf6 3. e5 Nd5 4. Nf3 Nc6 5. Bc4 e6 6. d4 d6 7. Qe2 dxe5 8. dxe5
a6 9. O-O b5 10. Bd3 Nb6 11. Nbd2 Qc7 12. Ne4 Nxe5 13. Bf4 Nxf3+ 14. Qxf3 e5 15.
Rfe1 Be6 16. Ng5 exf4 17. Nxe6 fxe6 18. Rxe6+ Kf7 19. Rxb6 Qxb6 20. Qxa8 g6 21.
Re1 Qf6 22. Qd5+ Kg7 23. Re6 Qf7 24. Qe5+ Kg8 25. Be4 Qg7 26. Bd5 Qxe5 27. Rxg6# 1-0

[Event "World Youth Boys U18 2014"]
[Site "Durban RSA"]
[Date "2014.09.21"]
[Round "2.25"]
[White "De Strycker, Nathan"]
[Black "Koh, Cedric"]
[Result "1-0"]
[WhiteElo "2133"]
[BlackElo "1836"]
[WhiteFideId "226343"]
[BlackFideId "3200523"]
[EventDate "2014.09.20"]

1. d4 d5 2. c4 c6 3. Nc3 Nf6 4. Nf3 dxc4 5. a4 Bf5 6. Ne5 Nbd7 7. Nxc4 Nb6 8.
Ne3 Bg6 9. g3 a5 10. Bg2 e6 11. O-O Bb4 12. Na2 Be7 13. b3 O-O 14. Bb2 Nbd5 15.
Nc4 Nb4 16. Nxb4 Bxb4 17. Ne5 Bf5 18. e3 h6 19. Qe2 Qb6 20. Rfd1 Rfd8 21. e4 Bh7
22. Rac1 Bf8 23. Qe3 Bb4 24. h3 Qa6 25. Nd3 Be7 26. Nf4 g5 27. Nd3 Qb6 28. Ne5
Nd7 29. Ng4 h5 30. Nh2 Nf8 31. Nf3 f6 32. e5 g4 33. hxg4 hxg4 34. exf6 Bxf6 35.
Ne5 Bf5 36. Bf1 Nh7 37. Rc5 Qxc5 38. dxc5 Rxd1 39. f4 gxf3 40. Qxf3 Rad8 41. Qh5
Ng5 42. Ng4 Bxb2 43. Qxg5+ Kf8 44. Ne3 R1d7 45. Nxf5 exf5 46. Bc4 Rd1+ 47. Kg2
R8d2+ 48. Kf3 Rd3+ 49. Bxd3 Rxd3+ 50. Kg2 Rd5 51. Qg6 Bg7 52. Qe6 Rd8 53. Qxf5+
Ke7 54. Qe4+ Kf7 55. g4 Rd4 56. Qf5+ Kg8 57. Kf3 Rd5 58. Qc8+ Kh7 59. Qxb7 Rxc5
60. Kf4 Kg6 61. Qe7 Bh6+ 62. Ke4 Rg5 63. Qd7 Bf8 64. Qxc6+ Kf7 65. Kf4 Be7 66.
Qd7 1-0

[Event "World Youth Boys U18 2014"]
[Site "Durban RSA"]
[Date "2014.09.21"]
[Round "2.26"]
[White "Hackner, Oskar A"]
[Black "Nyamdorj, Davaaochir"]
[Result "0-1"]
[WhiteElo "2102"]
[BlackElo "1804"]
[WhiteFideId "424188"]
[BlackFideId "2621843"]
[EventDate "2014.09.20"]

1. d4 Nf6 2. c4 e6 3. Nc3 Bb4 4. f3 d5 5. a3 Bxc3+ 6. bxc3 c5 7. cxd5 exd5 8. e3
c4 9. Ne2 Nc6 10. Ra2 O-O 11. g4 Na5 12. Ng3 Nb3 13. Bg2 b5 14. g5 Ne8 15. e4
Nxc1 16. Qxc1 a5 17. O-O Ra6 18. Rb2 Rb6 19. Qb1 Nc7 20. f4 Qd6 21. Qa1 b4 22.
e5 Qe7 23. axb4 axb4 24. h4 Ra6 25. Qc1 bxc3 26. Rc2 Nb5 27. Qe3 Rd8 28. f5 Qa7
29. Ne2 Ra1 30. Rxa1 Qxa1+ 31. Rc1 Qb2 32. e6 fxe6 33. fxe6 Qd2 34. Qe5 Nxd4 35.
Qxd4 Qxe2 36. Bxd5 Rxd5 37. Qxd5 Qe3+ 38. Kh2 Qf4+ 39. Kg2 Qd2+ 40. Qxd2 cxd2
41. Ra1 Bxe6 42. Kf3 c3 43. Ke3 Bg4 44. Kd3 d1=Q+ 45. Rxd1 Bxd1 46. Kxc3 Kf7 47.
Kd2 Bg4 48. Ke3 Kg6 49. Kf4 Kh5 50. Kg3 Bd7 0-1

[Event "World Youth Boys U18 2014"]
[Site "Durban RSA"]
[Date "2014.09.21"]
[Round "2.28"]
[White "Nielsen, Viktor"]
[Black "Padayachee, Kenyon"]
[Result "1-0"]
[BlackTitle "CM"]
[WhiteElo "2052"]
[BlackElo "1748"]
[WhiteFideId "1444492"]
[BlackFideId "14306654"]
[EventDate "2014.09.20"]

1. e4 c5 2. Nf3 Nc6 3. d4 cxd4 4. Nxd4 g6 5. c4 Bg7 6. Nc2 d6 7. Be2 Nf6 8. Nc3
O-O 9. O-O Be6 10. Be3 Nd7 11. Qd2 Nb6 12. b3 a5 13. Nd4 Bd7 14. Rab1 Nxd4 15.
Bxd4 Bc6 16. Bxg7 Kxg7 17. Nd5 Nxd5 18. exd5 Bd7 19. Rfe1 Re8 20. Rbd1 b6 21. g3
Kg8 22. h4 Kg7 23. h5 f6 24. Kg2 Qc7 25. Rc1 Qb7 26. Bf3 Qc8 27. Rh1 Bg4 28.
Bxg4 Qxg4 29. hxg6 Qe4+ 30. Kg1 Qxg6 31. Re1 Ra7 32. Qd4 Rb7 33. Re4 h5 34. a4
Rh8 35. Qe3 Kf7 36. Reh4 Qf5 37. Kg2 Kg6 38. g4 Qg5 39. f4 Qh6 40. Rxh5 1-0